|
|
|
|
| LEADER |
00000cam a22000005a 4500 |
| 001 |
vtls001455628 |
| 003 |
SK-MaSNL |
| 005 |
20260302061731.0 |
| 008 |
240318s1920 xr g 00000 cze |
| 035 |
|
|
|a SNK000410935
|
| 040 |
|
|
|a SNK
|b slo
|c SNK
|e AACR2
|
| 041 |
0 |
|
|a cze
|
| 044 |
|
|
|a xr
|c CZ
|
| 100 |
1 |
|
|a Kálal, Karel,
|d 1860-1930
|4 aut
|9 86016
|
| 245 |
1 |
0 |
|a Nevěsta z Tater
|b povídka Československá
|
| 250 |
|
|
|a 3. vyd.
|
| 260 |
|
|
|a Praha
|b Emil Šolc, Společnost s r. o. v Karlíně
|c [1920]
|
| 300 |
|
|
|a 112 s.
|
| 655 |
|
7 |
|a české poviedky
|2 SNKPH
|9 70599
|
| 852 |
|
|
|a Slovenská národná knižnica v Martine
|b 10000
|h SD 9661
|
| 958 |
|
|
|a ONDV
|
| 999 |
|
|
|c 1126549
|d 1128479
|
| 952 |
|
|
|a SNK
|b SNK
|y VYP
|7 0
|p 17A0386878
|o snkSD 9661 D1
|i snkK 588/68
|8 3
|3 rekatalogizácia
|0 0
|1 0
|4 0
|d 2003-06-23
|l 0
|r 2005-01-02 00:00:00
|w 2026-02-24
|
| 952 |
|
|
|a SNK
|b SNK
|y PREZ
|7 0
|p 17A0413542
|o snkSD 9661
|i snk4456/55
|0 0
|1 0
|4 0
|d 2004-02-10
|l 0
|r 2025-11-24 00:00:00
|w 2026-02-24
|
| 952 |
|
|
|a SNK
|b SNK
|y VYP
|7 0
|p 17A1185644
|o snkSD 9661 D2
|i snkK 2060/68
|8 3
|3 rekatalogizácia
|0 0
|1 0
|4 0
|d 2016-10-07
|l 0
|r 2026-02-24 18:48:43
|w 2026-02-24
|
| 952 |
|
|
|a SNK
|b SNK
|y VYP
|7 0
|p 17A1185643
|o snkSD 9661 D3
|i snkk 5198/71
|8 3
|3 rekatalogizácia
|0 0
|1 0
|4 0
|d 2016-10-07
|l 0
|r 2026-02-24 18:48:43
|w 2026-02-24
|
| 952 |
|
|
|a SNKLM
|b SNKLM
|y NEVYP
|7 0
|o snklmMK 5029
|8 3
|0 0
|1 0
|4 0
|d 2006-09-18
|l 0
|r 2026-02-24 18:48:43
|w 2026-02-24
|